| 000 | 00364nam a2200133Ia 4500 | ||
|---|---|---|---|
| 008 | 240624s9999 xx 000 0 und d | ||
| 041 | _aeng | ||
| 082 | _a658.4063 LAP | ||
| 100 | _aLAPERCHE BLANDINE | ||
| 245 | _aGENESIS OF INNOVATION SYSTEMIC LINKAGES | ||
| 260 |
_c2008 _aUnited Kingdom _bEdward Elgar |
||
| 300 | _axi, : 285 : p. : cm. ; 24 | ||
| 365 |
_cGBP _b50 |
||
| 999 |
_c27233 _d27233 |
||